LEADER 00905cam0 22002533 450 001 SOB004762 005 20201221111136.0 010 $a8809400801 100 $a20040211d1994 |||||ita|0103 ba 101 $aita 102 $aIT 200 1 $aIVU - Integrazione visivo-uditiva$eLa prevenzione e il trattamento delle difficoltà di lettura e scrittura - Manuale$fCesare Cornoldi 210 $aFirenze$cOrganizzazioni Speciali$d1994 215 $a38 p.$d24 cm.$emateriale allegato 700 1$aCornoldi$b, Cesare$3AF00005809$4070$0437867 801 0$aIT$bUNISOB$c20201221$gRICA 850 $aUNISOB 852 $aUNISOB$j150$m105391 912 $aSOB004762 940 $aM 102 Monografia moderna SBN 941 $aM 957 $a150$b001498$gSI$d105391$racquisto$1carrano$2UNISOB$3UNISOB$420120525105658.0$520120525105746.0$6carrano 996 $aIVU - Integrazione visivo-uditiva$91730535 997 $aUNISOB LEADER 03131nam 2200649Ia 450 001 9910451791903321 005 20210527214729.0 010 $a1-281-72184-0 010 $a9786611721848 010 $a0-300-12856-8 024 7 $a10.12987/9780300128567 035 $a(CKB)1000000000471997 035 $a(EBL)3419961 035 $a(SSID)ssj0000193169 035 $a(PQKBManifestationID)11180291 035 $a(PQKBTitleCode)TC0000193169 035 $a(PQKBWorkID)10238278 035 $a(PQKB)10575845 035 $a(MiAaPQ)EBC3419961 035 $a(DE-B1597)484793 035 $a(OCoLC)1024020063 035 $a(DE-B1597)9780300128567 035 $a(Au-PeEL)EBL3419961 035 $a(CaPaEBR)ebr10169987 035 $a(CaONFJC)MIL172184 035 $a(OCoLC)923588903 035 $a(EXLCZ)991000000000471997 100 $a20040322d2003 uy 0 101 0 $aeng 135 $aurun#---|u||u 181 $ctxt 182 $cc 183 $acr 200 04$aThe literature of ancient Egypt$b[electronic resource] $ean anthology of stories, instructions, stelae, autobiographies, and poetry /$fedited and with an introduction by William Kelly Simpson 205 $a3rd ed /$bwith translations by Robert K. Ritner ... [et al.]. 210 $aNew Haven, Conn. ;$aLondon $cYale University Press$d2003 215 $a1 online resource (619 p.) 300 $aPrevious ed.: 1973. 311 0 $a0-300-09920-7 320 $aIncludes bibliographical references. 327 $tFront matter --$tCONTENTS --$tABBREVIATIONS --$tINTRODUCTION --$tI. NARRATIVES AND TALES OF MIDDLE EGYPTIAN LITERATURE --$tII. LATE EGYPTIAN STORIES --$tIII. INSTRUCTIONS, LAMENTATIONS, AND DIALOGUES --$tIV. FROM THE RELIGIOUS LITERATURE --$tV. SONGS AND ROYAL HYMNS --$tVI. ROYAL STELAE --$tVII. AUTOBIOGRAPHIES --$tVIII. SCRIBAL TRADITIONS --$tIX. DEMOTIC LITERATURE --$tBIBLIOGRAPHY 330 $aThe latest edition of this highly praised anthology of ancient Egyptian literature offers fresh translations of all the texts as well as some twenty-five new entries, including writings from the late literature of the Demotic period at the end of classical Egyptian history. The book also includes an extensive bibliography. Praise for the earlier editions: "An elegant, easily readable, and most serviceable volume."-K. A. Kitchen, Journal of Near Eastern Studies "A reliable rendering of the Egyptian text that can be useful to students of Egyptology and provide the layman with delightful reading material."-Mordechai Gilula, Cultura 606 $aEgyptian literature$vTranslations into English 607 $aEgypt$vLiterary collections 608 $aElectronic books. 615 0$aEgyptian literature 676 $a893.108 700 $aSimpson$b William Kelly, $4aut$4http://id.loc.gov/vocabulary/relators/aut 701 $aSimpson$b William Kelly$0660053 701 $aRitner$b Robert Kriech$f1953-$01049886 801 0$bMiAaPQ 801 1$bMiAaPQ 801 2$bMiAaPQ 906 $aBOOK 912 $a9910451791903321 996 $aThe literature of ancient Egypt$92479232 997 $aUNINA